Представление документа в формате RUSMARC

ПолеНазваниеЗначение
  Тип записи a
  Библиографический уровень m
001 Контрольный номер RU/ГПНТБ России/IBIS/84(2Рос=Рус)6/Ф 15-243146552
005 Дата корректировки 20260508111846.9
010 Индекс ISBN __
a ISBN 978-5-9268-4524-9
b Уточнения в пер.
9 Тираж 3000
100 Данные общей обработки __
a Данные общей обработки 20260508d2024 c y0rusy0250 ca
101 Язык документа 0_
a Язык текста rus
102 Страна публикации __
a Страна публикации RU
105 Кодированные данные (монография) __
a Кодированные данные (монография) a z 000zy
181 Поле кодированных данных: вид содержания _0
a Код вида содержания (ISBD) i
182 Поле кодированных данных: тип средства _0
a Код типа средства (ISBD) n
200 Заглавие и сведения об ответственности 1_
a Заглавие Ро и космический Новый год
e Сведения, относящиеся к заглавию [сказка
e Сведения, относящиеся к заглавию для детей младшего школьного возраста]
f Первые сведения об ответственности Ольга Фадеева
g Последующие сведения об ответственности иллюстрации автора
203 Вид содержания и тип средства __
c Тип средства непосредственный
a Вид содержания Текст
210 Выходные данные 1_
a Место издания Санкт-Петербург
a Место издания Москва
c Издательство Речь
d Дата издания 2024
215 Физическое описание __
a Объем 52, [3] с.
c Иллюстрации/тип воспроизводства цв. ил.
d Формат 30 см
333 Примечание о целевом назначении __
a Примечание о целевом назначении информационная продукция для детей, не достигших возраста шести лет
333 Примечание о целевом назначении __
a Примечание о целевом назначении для детей младшего возраста, 5-10 лет
606 Тематические рубрики __
a Основная рубрика Художественная литература
x Основная подрубрика Произведения русской литературы
z Хронологическая подрубрика 21 в.
j Формальный подзаголовок Издания для детей
2 Код системы nlr_sh
686 Индексы других классификаций __
2 Код системы rubbk
a Классификационный индекс 84(2Рос=Рус)6
686 Индексы других классификаций __
2 Код системы rugasnti
a Классификационный индекс 17.82
700 Автор _1
a Фамилия Фадеева
b Имя О. А.
g Полное личное имя Ольга Алексеевна
f Даты 1980-
4 Код отношения 070
4 Код отношения 440
801 Источник записи _0
b Организация ГПНТБ России
a Страна RU
c Дата составления 20260508
801 Источник записи _1
b Организация ГПНТБ России
a Страна RU
c Дата составления 20260508
852 Данные о местонахождении 5_
a Наименование организации ГПНТБ России
m Суффикс шифра хранения 1111105082
b Сигла хранения ЦГБ
j Шифр хранения 84(2Рос=Рус)6
p Инвентарный номер RU
899 Данные о местонахождении __
a Местонахождение ГПНТБ России
p Штрих-код 1111105082
b Место хранения ЦГБ
h Классификационная часть РШ 84(2Рос=Рус)6
i Авторский знак Ф 15
901 Тип документа __
a Ответственный заим.